| 000 | 00000nam 2200000zi 4500 |
| 001 | 9.867759 |
| 003 | CaOODSP |
| 005 | 20221107162410 |
| 006 | m o d f |
| 007 | cr ||||||||||| |
| 008 | 190130s1959 onc ot f|0| 0 eng d |
| 040 | |aCaOODSP|beng|erda|cCaOODSP |
| 043 | |an-cn--- |
| 086 | 1 |aM38-1/37-1959E-PDF |
| 100 | 1 |aWlodek, T. W., |eauthor. |
| 245 | 14|aThe effect of different surface treatments on the fatigue strength of drill steel / |cby T. W. Wlodek. |
| 264 | 1|aOttawa, Ontario : |bDepartment of Mines and Technical Surveys, |c1959. |
| 300 | |a1 online resource (13 pages) |
| 336 | |atext|btxt|2rdacontent |
| 337 | |acomputer|bc|2rdamedia |
| 338 | |aonline resource|bcr|2rdacarrier |
| 490 | 1 |aMines Branch Research Report ; |vR 37 |
| 500 | |aTitle from cover. |
| 500 | |a"Reprinted from The Canadian Mining and Metallurgical Bulletin, February, 1958." |
| 500 | |a"February 2, 1959." |
| 504 | |aIncludes bibliographic references. |
| 520 | |a"In this paper the relative merits of shot peening, induction surface hardening, spiral-rolling, and the combination of these surface treatments, are evaluated on the basis of their capacity to increase the fatigue strength of drill steel"--Abstract. |
| 692 | 07|2gccst|aMetals |
| 692 | 07|2gccst|aSteel |
| 710 | 1 |aCanada. |bDepartment of Mines and Technical Surveys. |
| 710 | 1 |aCanada. |bMines Branch. |
| 830 | #0|aResearch report (Canada. Mines Branch)|vR 37.|w(CaOODSP)9.855660 |
| 856 | 40|qPDF|s2.18 MB|uhttps://publications.gc.ca/collections/collection_2019/rncan-nrcan/m38-1/M38-1-37-1959-eng.pdf |